| 000 | 01302nam a22001457a 4500 | ||
|---|---|---|---|
| 999 |
_c532012 _d532012 |
||
| 008 | 251125b ||||| |||| 00| 0 eng d | ||
| 100 |
_aNahida, Begum N. _957996 |
||
| 245 | _a An analysis of the start-up India initiative: Triumphs, inadvertencies and confrontations | ||
| 260 | _aIndian Journal of Public Administration | ||
| 300 | _a71(3), Sep, 2025: p.480-495 | ||
| 520 | _aThe Start-up India initiative devised by the Government of India is a platform for young entrepreneurs to comprehend business and achieve prosperity. This measure has, to a certain extent, created employment opportunities in India. The article briefly discusses the Start-up India policy. It highlights the number of start-ups recognised by the Department for Promotion of Industry and Internal Trade in X, Y and Z metropolitan areas. It also focuses on the ventures that witnessed closure due to the absence of prerequisites. To conclude, the article discusses the challenges confronting ventures in general and the Y and Z metropolitan areas in particular.- Reproduced https://journals.sagepub.com/doi/full/10.1177/00195561251369066 | ||
| 650 |
_aStart-up ecosystem, Entrepreneurs, Employment, Development, sate ranking framework. _957997 |
||
| 773 | _aIndian Journal of Public Administration | ||
| 942 | _cAR | ||